00480nam a2200133 a 450008200170000010000150001724500870003226000460011930000080016565000240017394200080019795201240020599900170032900a297.0954 PET aPeter, R N aImages of Indian Muslims Reflected in the Writings of M.Mujeeb: Acritical Analysis aHyderabad bHenry Martyn Institute c1999 a115 aIslam-History-India cRRB 00104070aHMIbHMId2017-03-29eHenry Martyh Instituteg100.00l0o297.0954 PETp11-820r2007-07-26w2026-01-16yRRB c18609d18609